| 000 -LEADER |
| fixed length control field |
01559nam a22004577a 4500 |
| 001 - CONTROL NUMBER |
| control field |
51982677 |
| 003 - CONTROL NUMBER IDENTIFIER |
| control field |
OCoLC |
| 005 - DATE AND TIME OF LATEST TRANSACTION |
| control field |
20230109071858.0 |
| 007 - PHYSICAL DESCRIPTION FIXED FIELD--GENERAL INFORMATION |
| fixed length control field |
co|cgu |
| 008 - FIXED-LENGTH DATA ELEMENTS--GENERAL INFORMATION |
| fixed length control field |
030327s2004 moua b 001 0 eng |
| 010 ## - LIBRARY OF CONGRESS CONTROL NUMBER |
| LC control number |
2003-48835 |
| 016 7# - NATIONAL BIBLIOGRAPHIC AGENCY CONTROL NUMBER |
| Record control number |
101173217 |
| Source |
DNLM |
| 020 ## - INTERNATIONAL STANDARD BOOK NUMBER |
| International Standard Book Number |
0323020089 (hardcover) |
| 040 ## - CATALOGING SOURCE |
| Original cataloging agency |
DNLM/DLC |
| Transcribing agency |
DLC |
| Modifying agency |
YDX |
| -- |
NLM |
| Language of cataloging |
eng |
| 041 ## - LANGUAGE CODE |
| Language code of text/sound track or separate title |
eng |
| 042 ## - AUTHENTICATION CODE |
| Authentication code |
pcc |
| 049 ## - LOCAL HOLDINGS (OCLC) |
| Holding library |
YYEA |
| 080 ## - UNIVERSAL DECIMAL CLASSIFICATION NUMBER |
| Universal Decimal Classification number |
616-053.3 |
| Item number |
L-95 |
| 096 ## - LOCALLY ASSIGNED NLM-TYPE CALL NUMBER (OCLC) |
| Classification number |
WY 157.3 M4253 2004 |
| 245 00 - TITLE STATEMENT |
| Title |
Maternity & women's health care / |
| Statement of responsibility, etc. |
[edited by] Deitra Leonard Lowdermilk, Shannon E. Perry. |
| Remainder of title |
/ by: Mosby |
| 246 3# - VARYING FORM OF TITLE |
| Title proper/short title |
Maternity and women's health care. |
| 250 ## - EDITION STATEMENT |
| Edition statement |
8th edition |
| 260 ## - PUBLICATION, DISTRIBUTION, ETC. |
| Place of publication, distribution, etc. |
St. Louis, Mo. : |
| Name of publisher, distributor, etc. |
Mosby, |
| Date of publication, distribution, etc. |
c2004. |
| 300 ## - PHYSICAL DESCRIPTION |
| Extent |
xxiv, 1219 p. : |
| Other physical details |
ill. (chiefly col.) ; |
| Dimensions |
29cm. + |
| 500 ## - GENERAL NOTE |
| General note |
EINSTEIN: Check for disk inside book. |
| 504 ## - BIBLIOGRAPHY, ETC. NOTE |
| Bibliography, etc. note |
Includes bibliographical references and index. |
| 590 ## - LOCAL NOTE (RLIN) |
| Local note |
c.1 2300000403 Ritt 10/22/03 $75.00. |
| 650 12 - SUBJECT ADDED ENTRY--TOPICAL TERM |
| Topical term or geographic name entry element |
Obstetric Nursing |
| General subdivision |
methods. |
| 650 12 - SUBJECT ADDED ENTRY--TOPICAL TERM |
| Topical term or geographic name entry element |
Pregnancy |
| Form subdivision |
Nurses' Instruction. |
| 650 10 - SUBJECT ADDED ENTRY--TOPICAL TERM |
| Topical term or geographic name entry element |
Neonatology |
| 9 (RLIN) |
529 |
| 650 22 - SUBJECT ADDED ENTRY--TOPICAL TERM |
| Topical term or geographic name entry element |
Gynecology |
| Form subdivision |
Nurses' Instruction. |
| 650 22 - SUBJECT ADDED ENTRY--TOPICAL TERM |
| Topical term or geographic name entry element |
Neonatal Nursing |
| General subdivision |
methods. |
| 650 22 - SUBJECT ADDED ENTRY--TOPICAL TERM |
| Topical term or geographic name entry element |
Pregnancy Complications |
| Form subdivision |
Nurses' Instruction. |
| 650 22 - SUBJECT ADDED ENTRY--TOPICAL TERM |
| Topical term or geographic name entry element |
Women's Health |
| Form subdivision |
Nurses' Instruction. |
| 653 ## - INDEX TERM--UNCONTROLLED |
| Uncontrolled term |
ნეონატოლოგია |
| 653 ## - INDEX TERM--UNCONTROLLED |
| Uncontrolled term |
ქალთა ჯანმრთელობა |
| 653 ## - INDEX TERM--UNCONTROLLED |
| Uncontrolled term |
ფეხმძიმობა |
| 700 1# - ADDED ENTRY--PERSONAL NAME |
| Personal name |
Lowdermilk, Deitra Leonard. |
| 700 1# - ADDED ENTRY--PERSONAL NAME |
| Personal name |
Perry, Shannon E. |
| 942 ## - ADDED ENTRY ELEMENTS (KOHA) |
| Source of classification or shelving scheme |
|
| Koha item type |
Books |
| Edition |
8 |